| 000 | 01066nam a2200313 a 4500 | ||
|---|---|---|---|
| 001 | 000112446 | ||
| 003 | CHAP | ||
| 005 | 20220329144306.0 | ||
| 008 | 160328s2015 mx a |r| |||||||spa d | ||
| 010 | _a108907 | ||
| 011 | _a109879 | ||
| 040 | _cCHAP | ||
| 090 | _aFolleto 1714 | ||
| 100 | 0 | 0 |
_aRuiz Espinoza, Felipe de Jesús _9100666 |
| 245 | 1 | 0 |
_aAgrohomeopatía para el manejo de la roya del cafeto en Veracruz y Oaxaca / _cpor Felipe de Jesús Ruiz Espinoza, Yazmín Pérez Fernández y Lilia Gemma García Soto. |
| 260 |
_a[Chapingo, Méx.] : _b[Universidad Autónoma Chapingo], _c[2015]. |
||
| 300 |
_a24 p. : _bil. |
||
| 590 |
_aE5652GLJ _b05 _c20160328 _lUCH01 _h1257 |
||
| 590 |
_aE5652GLJ _b05 _c20160328 _lUCH01 _h1317 |
||
| 650 | 1 | 4 |
_aAgricultura orgánica. _92005 |
| 650 | 1 | 4 |
_aCafé _xCalidad. _917114 |
| 650 | 1 | 4 |
_aCafé _xEnfermedades por hongos. _917139 |
| 650 | 1 | 4 |
_aControl de plagas. _927595 |
| 700 | 1 |
_aGarcía Soto, Lilia Gemma _9130725 |
|
| 700 | 1 |
_aPérez Fernández, Yazmín _9130724 |
|
| 901 | _aBK | ||
| 942 | _cFOLL | ||
| 942 | _n0 | ||
| 999 |
_c108907 _d108907 |
||